| 000 | 00987nam a2200265Ia 4500 | ||
|---|---|---|---|
| 003 | OSt | ||
| 005 | 20220930091247.0 | ||
| 006 | a|||||r|||| 00| 0 | ||
| 007 | ta | ||
| 008 | 220926b |||||||| |||| 00| 0 eng d | ||
| 024 | _a5007 | ||
| 037 | _cTheses | ||
| 040 |
_aCRL _cCRL _beng |
||
| 041 |
_2eng _aeng |
||
| 100 |
_aKarthikeyan Raju _9545186 |
||
| 110 | _aUniversity of Delhi. Faculty of Medical Sciences. Department of Surgery | ||
| 245 | 0 | _aPrognostic implications of double-J ureteral stenting in patients with renal stones undergoing extra corporeal shockwave lithotripsy (ESWL)-A prosective randomised control study | |
| 260 | _c2012 | ||
| 650 | _aSURGERY | ||
| 700 |
_a Dr. Jagdish Chander Gu. _9533977 |
||
| 700 |
_a Dr. Vinod Kumar Ramteke Gu. _9540491 |
||
| 700 | _aUniversity of Delhi. Faculty of Medical Sciences. Department of Surgery | ||
| 942 |
_cDIS _2CC |
||
| 999 |
_c881866 _d881866 |
||